Statistics for Algerian soccer players scoring during the World Cup

Click here to take the quiz!

General Stats

  • This quiz has been taken 170 times
  • The average score is 5 of 10

Answer Stats

GoalsYear(s)Player% Correct
22014Islam Slimani
90%
12014Yacine Brahimi
72%
12014Sofiane Feghouli
69%
11982Rabah Madjer
60%
22014Abdelmoumene Djabou
47%
12014Rafik Halliche
39%
11982Lakhdar Belloumi
38%
11986Djamel Zidane
26%
21982Salah Assad
24%
11982Tedj Bensaoula
12%

Score Distribution

Percentile by Number Answered

Percent of People with Each Score

Your Score History

You have not taken this quiz